00567nam a2200145 a 4500008004100000020001800041050001800059100002200077245016900099260004600268300001800314500002400332650003900356650002600395210331s2021 ||||||||||||||||| || u a9781638211860 aZAM KG 59 Kam aKamanga, Patricia10aInternational commercial arbitration: the supportive and supervisory role of national courts in the arbitration processcBy Dr. Patricia Nchimunya Shansonga Kamanga aJohannesburgbFYI Africa Publishingc2021 aii, 142 pages aIncludes References aARBITRATION AGREEMENTS, COMMERCIAL aARBITRATION AND AWARD